Versalles (Record no. 6325)

MARC details
000 -CABECERA
campo de control de longitud fija 01011nam a2200277 a 4500
001 - NÚMERO DE CONTROL
campo de control BRCA_6641
005 - FECHA Y HORA DE LA ÚLTIMA TRANSACCIÓN
campo de control 20190320205534.0
008 - DATOS DE LONGITUD FIJA--INFORMACIÓN GENERAL
campo de control de longitud fija 111011d1974----sp-a######---#000-0#spa-#
041 ## - CÓDIGO DE LENGUA
Código de lengua del texto/banda sonora o título independiente spa
044 ## - CÓDIGO DEL PAÍS DE LA ENTIDAD EDITORA/PRODUCTORA
Código MARC del país sp
050 #4 - SIGNATURA TOPOGRÁFICA DE LA BIBLIOTECA DEL CONGRESO
Número de clasificación DC801.V4
Número de documento/Ítem .H45 1974
100 1# - ENTRADA PRINCIPAL--NOMBRE DE PERSONA
Nombre de persona Hibbert, Christopher
Fechas asociadas al nombre 1924-2008
9 (RLIN) 16625
245 10 - MENCIÓN DE TÍTULO
Título Versalles
Mención de responsabilidad, etc. por Christopher Hibbert y los editores del Departamento de Libros Newsweek ; traducción española Carlos R. de Dampierre.
260 ## - PUBLICACIÓN, DISTRIBUCIÓN, ETC.
Lugar de publicación, distribución, etc. España
Nombre del editor, distribuidor, etc. Reader´s Digest México
Fecha de publicación, distribución, etc. c1974
300 ## - DESCRIPCIÓN FÍSICA
Extensión 172 p.
Otras características físicas il. (algunas a color)
Dimensiones 30 cm.
440 #0 - MENCIÓN DE SERIE/PUNTO DE ACCESO ADICIONAL--TÍTULO
Título Muros testigos de la historia
9 (RLIN) 16626
500 ## - NOTA GENERAL
Nota general Incluye cronología de la historia de Francia e índice alfabético
500 ## - NOTA GENERAL
Nota general Traducción de: Versailles
500 ## - NOTA GENERAL
Nota general Donación Dra. Elsa Barberena
504 ## - NOTA DE BIBLIOGRAFÍA, ETC.
Nota de bibliografía, etc. Bibliografía: p. 168
610 24 - PUNTO DE ACCESO ADICIONAL DE MATERIA--NOMBRE DE ENTIDAD CORPORATIVA
Nombre de entidad corporativa o nombre de jurisdicción como elemento de entrada Palacio de Versalles
Subdivisión geográfica Versalles (Francia)
9 (RLIN) 16627
700 1# - PUNTO DE ACCESO ADICIONAL--NOMBRE DE PERSONA
Nombre de persona Dampierre, Carlos R. de
Término indicativo de función/relación tr.
9 (RLIN) 16628
710 2# - PUNTO DE ACCESO ADICIONAL--NOMBRE DE ENTIDAD CORPORATIVA
Nombre de entidad corporativa o nombre de jurisdicción como elemento de entrada Newsweek Books.
9 (RLIN) 16629
902 ## - CATALOGADOR
Iniciales DEB
942 ## - ELEMENTOS DE PUNTO DE ACCESO ADICIONAL (KOHA)
Fuente del sistema de clasificación o colocación Library of Congress Classification
Tipo de ítem Koha Libros
Holdings
Estado de retiro Estado de pérdida Estado dañado No para préstamo Localización permanente Ubicación/localización actual Fecha de adquisición Total de préstamos Signatura topográfica completa Código de barras Fecha visto por última vez Precio válido a partir de Tipo de ítem Koha
El ejemplar forma parte de la colección y puede ser consultado según las políticas vigentes.       Biblioteca del Museo Franz Mayer (Rogerio Casas-Alatriste) Biblioteca del Museo Franz Mayer (Rogerio Casas-Alatriste) 11/10/2011   DC801.V4 .H45 1974 DEB00078 22/03/2019 22/03/2019 Libros